| 000 | 01044nam a22003017a 4500 | ||
|---|---|---|---|
| 001 | 4931 | ||
| 003 | FISKH | ||
| 005 | 20241025114510.0 | ||
| 008 | 241025b cb ||||| |||| 00| 0 eng d | ||
| 020 | _a059050830X | ||
| 040 |
_aFISKH _beng _cFISKH _dFISKH |
||
| 050 | _aPZ7.N489 | ||
| 082 | _a080 | ||
| 100 |
_aNichol, barbara _d(1928-1976) |
||
| 245 |
_aBeethoven lives upstairs / _cBarbara Nichol Illustrated by Scott Cameron |
||
| 250 | _aFirst printing in 1995 | ||
| 260 |
_aNew York : _bScholastic, _c1995. |
||
| 300 |
_a42 pages : _bColor illustrations ; _c26 cm |
||
| 505 | _aS | ||
| 520 | _aThe letters that ten-year-old Christoph and his uncle exchange show how Christoph's feelings for Mr. Beethoven, the eccentric boarder that shares his house, change from anger and embarrassment to compassion and admiration. | ||
| 521 | 8 |
_a750L
_bLexile |
|
| 521 | 8 |
_aS
_bRaz-Plus |
|
| 650 |
_2Biography _aComposers |
||
| 650 |
_2Fiction _aMusic |
||
| 700 |
_aCameron, Scott _dIllustrator |
||
| 942 |
_2ddc _cBK _n0 |
||
| 999 |
_c4931 _d4931 |
||